[Event "Mont de Marsan 20th"]
[Site "Mont de Marsan"]
[Date "2023.12.26"]
[Round "1"]
[White "Velten, Paul"]
[Black "Alcantara, Eliyakim"]
[Result "1-0"]
[WhiteElo "2481"]
[BlackElo "1601"]
[PlyCount "39"]
[EventDate "2023.12.26"]
[EventType "swiss"]
[EventRounds "9"]
[EventCountry "FRA"]
[SourceTitle "CBM 217 Extra"]
[Source "ChessBase"]
[SourceDate "2024.01.31"]
[SourceVersion "1"]
[SourceVersionDate "2024.01.31"]
[SourceQuality "1"]

1. d4 Nf6 2. c4 g6 3. Nc3 Bg7 4. e4 d6 5. Nf3 0-0 6. Be2 e5 7. d5 Nbd7 8. Be3 Ne8 9. h4 Nc5 10. h5 Bd7 11. b4 Na6 12. a3 c6 13. dxc6 bxc6 14. hxg6 fxg6 15. c5 Nac7 16. cxd6 Ne6 17. Bc4 a5 18. Ng5 Qc8 19. Nxe6 Bxe6 20. d7 1-0

[Event "EU Union-ch U12"]
[Site "Kouty nad Desnou"]
[Date "2023.08.21"]
[Round "6"]
[White "Alcantara, Eliyakim"]
[Black "Ge, Charlene"]
[Result "1/2-1/2"]
[WhiteElo "1534"]
[BlackElo "1598"]
[PlyCount "54"]
[EventDate "2023.08.16"]
[EventType "swiss"]
[EventRounds "9"]
[EventCountry "CZE"]
[SourceTitle "EXT 2024"]
[Source "ChessBase"]
[SourceDate "2023.10.10"]
[SourceVersion "1"]
[SourceVersionDate "2023.10.10"]
[SourceQuality "1"]

1. d4 d5 2. Nf3 Nf6 3. e3 c5 4. c3 e6 5. Nbd2 Nc6 6. Bd3 cxd4 7. exd4 Bd6 8. 0-0 0-0 9. Re1 Qc7 10. Nf1 e5 11. dxe5 Nxe5 12. Nxe5 Bxe5 13. Bg5 h6 14. Bh4 Be6 15. Qe2 Nd7 16. Bc2 Qc4 17. Qxc4 dxc4 18. Ba4 Nc5 19. Bc2 f6 20. f4 Bd6 21. Bf2 Rac8 22. Rad1 Rfd8 23. Kh1 Bf7 24. Ng3 Nd3 25. Bxd3 cxd3 26. Nf5 Kf8 27. Rxd3 Bxf4 1/2-1/2

[Event "EU Union-ch U12"]
[Site "Kouty nad Desnou"]
[Date "2023.08.16"]
[Round "1"]
[White "Pop, Maria Olivia"]
[Black "Alcantara, Eliyakim"]
[Result "1/2-1/2"]
[WhiteElo "1147"]
[BlackElo "1534"]
[PlyCount "61"]
[EventDate "2023.08.16"]
[EventType "swiss"]
[EventRounds "9"]
[EventCountry "CZE"]
[SourceTitle "EXT 2024"]
[Source "ChessBase"]
[SourceDate "2023.10.10"]
[SourceVersion "1"]
[SourceVersionDate "2023.10.10"]
[SourceQuality "1"]

1. d4 Nf6 2. Nf3 d5 3. e3 e6 4. Bd3 Bd6 5. Nbd2 Nbd7 6. 0-0 0-0 7. Qe2 Re8 8. e4 dxe4 9. Nxe4 Nxe4 10. Qxe4 Nf6 11. Qe2 h6 12. Ne5 c6 13. Bf4 Qc7 14. Bg3 Bd7 15. c3 Rad8 16. Rad1 Bc8 17. Bc2 b6 18. Rfe1 Bxe5 19. Bxe5 Qe7 20. Qd3 Bb7 21. Bxf6 Qxf6 22. Qh7+ Kf8 23. Re3 Ke7 24. Rf3 Qg5 25. Rg3 Qf6 26. Qxg7 Qxg7 27. Rxg7 Rg8 28. Rh7 c5 29. g3 h5 30. dxc5 Bf3 31. Rd4 1/2-1/2